| 000 | 00607nam a2200217 a 4500 | ||
|---|---|---|---|
| 005 | 20140310183516.0 | ||
| 008 | 110104s19uu xx 00 eng d | ||
| 020 | _a9780757003004 | ||
| 050 |
_aRC 553.A88 _b.T83 2008 |
||
| 100 | _aTubbs, Janet | ||
| 245 |
_aCreative therapy for children with autism, ADD, and asperger's / _cJanet Tubbs |
||
| 260 |
_aNew York : _bSquareone, _c2008. |
||
| 300 |
_a323 p. : _bill. ; _c24 cm. |
||
| 521 | _aEDU | ||
| 650 | _aAutism-Treatment. | ||
| 650 | _aArt therapy. | ||
| 650 | _aMusic therapy. | ||
| 650 | _aCreation. | ||
| 942 |
_cBK _2lcc _kFOR |
||
| 999 |
_c24304 _d24304 |
||